| 000 | | | 04469nmc2a22000003x 450 |
| 001 | | | 7de31611-f2f6-416e-9609-c7f7963d758d |
| 005 | | | 20180927182715.0 |
| 100 | ## | $a | 20170404l19031916k l0rusy0189 ca |
| 101 | 0# | $a | rus |
| 102 | ## | $a | RU |
| 200 | 1# | $a | Недействующая опись дел фонда М.М. Алексеенко (№ 831), составленная в 1941 году в Центральном государственном историческом архиве в Москве |
| | $j | 1941 г. |
| 251 | ## | $c | Дело |
| 300 | ## | $a | Письма разных лиц М.М. Алексеенко; его черновые заметки |
| 300 | ## | $a | Ориг. заголовок дела: Инвентарная опись дел №1 фонда №1616 М.М. Алексеенко (№ 831), составленная в Центральном государственном историческом архиве СССР. 1903 г. - 1916 г |
| 801 | #0 | $a | RU |
| | $b | РГИА |
| | $c | 20170404 |
| | $g | RCR |
| 801 | #1 | $a | RU |
| | $b | ГлавНИВЦ |
| | $c | 20170404 |
| | $2 | rusmarc |
| 801 | #2 | $a | RU |
| | $b | ПБ им. Б.Н. Ельцина |
| | $c | 20180927 |
| | $g | RCR |
| | $2 | rusmarc |
| 850 | ## | $a | РГИА |
| 852 | ## | $a | РГИА |
| | $e | Федеральное казенное учреждение "Российский государственный исторический архив" (РГИА) |
| | $j | 48 |
| 937 | ## | $h | РГИА |
| | $d | 12234344 |
| | $a | ASBIBLIO_SCAN |
| 462 | #0 | $1 | 001f4cc5ff3-a559-440c-b487-45d74f44b7e2 |
| | $1 | 2001 |
| | $a | Печатные отчеты, доклады и другие материалы о заседаниях Государственной думы, о деятельности государственного и других банков, Романовского комитета по обеспечению сирот и детей воинов; материалы к проекту переустройства Одесского порта и об организации Одесской фабрично-заводской художественной выставки |
| | $1 | 251 |
| | $c | Опись |
| | $1 | 852 |
| | $j | 1 |
| 461 | #0 | $1 | 001c208dac8-5ac4-4eeb-b5b1-f93dab802890 |
| | $1 | 2001 |
| | $a | Алексеенко Михаил Мартынович (1847-1917 гг.) |
| | $1 | 251 |
| | $c | Фонд |
| | $1 | 852 |
| | $j | 1616 |
| 215 | ## | $a | 11 л. |
| | $d | 30х22,5 см |
| 371 | ## | $a | Документ не является опубликованным и широко распространяемым |
| 105 | ## | $a | y### |
| 122 | 2# | $a | d |
| 517 | 1# | $a | Инвентарная опись дел №1 фонда №1616 М.М. Алексеенко (№ 831), составленная в Центральном государственном историческом архиве СССР. 1903 г. - 1916 г |
| 035 | ## | $a | 7de31611-f2f6-416e-9609-c7f7963d758d |
| 856 | ## | $u | http://readingroom.main.prlib.ru/item.aspx?id_node=n118687188&mode=full |